000 00548nam a2200217Ia 4500
999 _c8021
_d8021
003 0100
005 20180219155240.0
008 130303s9999 xx 000 0 und d
020 _a1556700547
040 _cARRUPELIB
050 _aDT763.5.T88 1988
100 _aTurnley, David C.
_939451
245 _aWhy are they weeping?
_bSouth Africans under apartheid /
260 _aNew York
_bStewart, Tabori & Chang
_c1988
300 _a192p.
300 _b 29cm
650 _aApartheid--South Africa;8;;1
_939452
650 _aApartheid
_xPictorial works
_zSouth Africa
_939453
700 _aCowell, Alan and Boesak, Allan
_939454
942 _2lcc
_cMONOGRAPH